| 000 | 00578nam a2200193Ia 4500 | ||
|---|---|---|---|
| 999 |
_c3780 _d3780 |
||
| 003 | OSt | ||
| 005 | 20200820105401.0 | ||
| 008 | 190216s9999||||xx |||||||||||||| ||und|| | ||
| 020 | _a9788187134640 | ||
| 040 | _coclc | ||
| 082 |
_a547.2 _bKAR/F |
||
| 100 |
_a Kar, Ratan Kumar _94220 |
||
| 245 | 0 |
_aFrontier Orbital And Symmetry Controlled Pericylic Reactions / _cRatan Kumar Kar |
|
| 250 | _a1st Ed. | ||
| 260 |
_bBooks And Allied Pvt Ltd, _c2010. _aKolkata: |
||
| 300 | _a278p | ||
| 650 | _aChemistry | ||
| 942 |
_cBK _2ddc _h547.2 _iKAR/F _k547.2 _mKAR/F |
||